The Jacobin clubs in the French Revolution. The middle years /

Bibliographic Details
Main Author: Kennedy, Michael L.
Format: Book
Language:English
Published: Princeton, N.J. : Princeton University Press, [1988]
Subjects:

MARC

Tag First Indicator Second Indicator Subfields
LEADER 00000cam a2200000 a 4500
001 in00000017426
005 20151007053545.0
008 870805s1988 njub b 00110 eng
010 |a  87022298  
020 |a 0691055262 (alk. paper) :  |c $45.00 
035 |a (OCoLC)16646846 
035 |9 AAB2060AM 
040 |a DLC  |c DLC  |d TXA  |d UtOrBLW 
043 |a e-fr--- 
049 |a TXAM  |c [A11100666] 
050 0 0 |a DC178  |b .K47 1988 
082 0 |a 944.04  |2 19 
100 1 |a Kennedy, Michael L. 
245 1 4 |a The Jacobin clubs in the French Revolution.  |p The middle years /  |c Michael L. Kennedy. 
264 1 |a Princeton, N.J. :  |b Princeton University Press,  |c [1988] 
264 4 |c ©1988 
300 |a xi, 440 pages :  |b map ;  |c 23 cm. 
336 |a text  |b txt  |2 rdacontent 
337 |a unmediated  |b n  |2 rdamedia 
338 |a volume  |b nc  |2 rdacarrier 
500 |a "This is the second of a proposed trilogy of works on the Jacobin clubs during the French Revolution"--Pref. 
504 |a Includes bibliographical references and index. 
650 0 |a Jacobins. 
651 0 |a France  |x History  |y Revolution, 1789-1799  |x Societies, etc. 
999 |a MARS 
999 f f |s 87d609c8-6923-3e38-9413-3c90817c2c1a  |i 6871742e-8e22-38dc-bc9f-f33464de3e92  |t 0 
952 f f |p ric  |a Texas A&M University  |b Rellis Campus  |c Joint Library Facility  |d Remote Storage  |t 0  |e DC178 .K47 1988  |h Library of Congress classification  |i unmediated -- volume  |m A14811100666 
998 f f |a DC178 .K47 1988  |t 0  |l Remote Storage